Considering corporate real estate and human resource factors in an integrated cost model (Record no. 73400)

MARC details
000 -LEADER
fixed length control field 01514cam a2200265 4500
001 - CONTROL NUMBER
control field ABS67043
008 - FIXED-LENGTH DATA ELEMENTS--GENERAL INFORMATION
fixed length control field 030915n2003 000 0 eng u
035 ## - SYSTEM CONTROL NUMBER
System control number (Sirsi) u123585
100 ## - MAIN ENTRY--PERSONAL NAME
Personal name Becker, F.
245 ## - TITLE STATEMENT
Title Considering corporate real estate and human resource factors in an integrated cost model
260 ## - PUBLICATION, DISTRIBUTION, ETC.
Date of publication, distribution, etc. 2003
490 ## - SERIES STATEMENT
Series statement Journal of Corporate Real Estate
Volume/sequential designation 5(3) 2003, 221-241(20)
520 ## - SUMMARY, ETC.
Summary, etc. As large organisations grow and evolve, they face the challenge of accommodating change in a manner that contains costs while strengthening the firm's competitive position in the marketplace. Invariably, not only initial capital and long-term operating costs, but the effect of the real estate decision on the firm's ability to attract and retain staff, and their ability to work productively, must be considered. To compound an already complex decision, the factors influencing such decisions are often highly uncertain and there is limited data on the impact of such decisions on human resource factors. Yet such decisions must be and are made. This paper describes the Cornell Balanced Real Esate Assessment Model (COBRA), a prototype tool which addresses these issues. [Taken from journal headnote].
590 ## - LOCAL NOTE (RLIN)
Local note ABS
650 ## - SUBJECT ADDED ENTRY--TOPICAL TERM
Topical term or geographic name entry element PROPERTY FINANCE
650 ## - SUBJECT ADDED ENTRY--TOPICAL TERM
Topical term or geographic name entry element HUMAN RESOURCES
650 ## - SUBJECT ADDED ENTRY--TOPICAL TERM
Topical term or geographic name entry element WORKPLACES
650 ## - SUBJECT ADDED ENTRY--TOPICAL TERM
Topical term or geographic name entry element STRATEGY
650 ## - SUBJECT ADDED ENTRY--TOPICAL TERM
Topical term or geographic name entry element UNCERTAINTY
650 ## - SUBJECT ADDED ENTRY--TOPICAL TERM
Topical term or geographic name entry element COST MODELS
650 ## - SUBJECT ADDED ENTRY--TOPICAL TERM
Topical term or geographic name entry element COSTS
690 ## - LOCAL SUBJECT ADDED ENTRY--TOPICAL TERM (OCLC, RLIN)
Topical term or geographic name as entry element MANAGEMENT-BUSINESS MANAGEMENT
700 ## - ADDED ENTRY--PERSONAL NAME
Personal name Pearce, A.
942 ## - ADDED ENTRY ELEMENTS (KOHA)
Suppress in OPAC 0
Holdings
Withdrawn status Lost status Source of classification or shelving scheme Damaged status Not for loan Home library Current library Shelving location Date acquired Total Checkouts Full call number Barcode Date last seen Copy number Price effective from Koha item type
    Dewey Decimal Classification     London London Journal article 15/09/2003   ABS67043 123585-1001 06/08/2019 1 06/08/2019 Journal article